Mini Car Models Worldwide 2024-25 - Statistics

General Stats
  • This quiz has been taken 242 times
    59 since last reset
  • The average score is 9 of 11
Answer Stats
Hint Answer % Correct
Subcompact Hatchback Cooper
100%
Subcompact Convertible Cooper Convertible
100%
Subcompact Sport Convertible Cooper Convertible JCW
100%
Hot Hatch Cooper JCW
100%
Subcompact Hatchback EV Cooper SE
100%
Hot Hatch EV Cooper SE JCW
100%
Compact Crossover Countryman
81%
Compact Sport Crossover Countryman JCW
81%
Compact Crossover EV Countryman SE
81%
Subcompact Crossover EV Aceman
48%
Subcompact Sport Crossover EV Aceman JCW
48%
No matching quizzes found
Score Distribution
Percent of People with Each Score
Percentile by Number Answered
Your Score History
You have not taken this quiz since the last reset